Manchester City Squad Champions League 2024/2025 - Statistics

General Stats
  • This quiz has been taken 75 times
  • The average score is 20 of 23
Answer Stats
Picture Answer % Correct
Ederson
100%
John Stones
97%
Rúben Dias
97%
Nathan Aké
95%
Erling Haaland
93%
Jack Grealish
93%
Joško Gvardiol
93%
Kevin De Bruyne
93%
Phil Foden
93%
Stefan Ortega
93%
Jérémy Doku
92%
Manuel Akanji
92%
Bernardo Silva
90%
Rodri
90%
Scott Carson
90%
İlkay Gündoğan
88%
Mateo Kovačić
88%
Matheus Nunes
83%
Savinho
83%
Abdukodir Khusanov
82%
Omar Marmoush
80%
James McAtee
65%
Nico González
65%
No matching quizzes found
Score Distribution
Percent of People with Each Score
Percentile by Number Answered
Your Score History
You have not taken this quiz